000 00507nam a2200193Ia 4500
003 OSt
005 20250203110644.0
008 210716s1999 xx 000 0 und d
020 _a0684855933
040 _cAIMIT LIBRARY
041 _aeng
082 _a813.54
_21
_bTYRO
100 _aTyree, Omar.
_9197116
245 _aSingle mom /
_cBy Omar Tyree.
250 _a1st ed.
260 _aNew York :
_bSimon & Schuster ;
_c1999.
300 _a399p. ;
_bPB
_c20 cm.
942 _2ddc
_cBK
_e1st ed.
_k813.54 TYRO
999 _c200272
_d200272